000 01109nam a2200229Ia 4500
001 8557
003 GE_BSU
008 181216s||||||||xx |||||||||||||| ||und||
040 _cGE_BSU
080 _a929(479.22)+61+37+008+338+796.5+69
100 _aკინწურაშვილი,ლეილა. იდეის ავტ.
245 _aწარმატების ფაქტორი:წ.4
245 _bჯანმრთელობა,განათლება,კულტურა,მოდა,დიზაინი,ბიზნესი,მშენებლობა,ტურიზმი.
245 _cდიზ:რევაზ თხილაიშვილი.
260 _aთბილისი.
260 _b[გ.გ.]
260 _c2013.
300 _a173გვ;ილ;29სმ.
653 _aწარმატების ფაქტორი.
653 _aჯანმრთელობა,განათლება,კულტურა,მოდა,დიზაინი,ბიზნესი,მშენებლობა,ტურიზმი.
942 _cBK
999 _c41874
_d41874